Structural systems for tall buildings : (Record no. 548808)

000 -LEADER
fixed length control field 00918cam a2200217 a 4500
020 ## - INTERNATIONAL STANDARD BOOK NUMBER
International Standard Book Number 0070125414 (acidfree paper)
082 00 - DEWEY DECIMAL CLASSIFICATION NUMBER
Classification number 690
Author Mark STR
-- L-38, P-65
245 00 - TITLE STATEMENT
Title Structural systems for tall buildings :
Remainder of title systems and concepts /
Statement of responsibility, etc. Council on Tall Buildings and Urban Habitat, Committee 3 ; editorial group, Ryszard M. Kowalczyk, Robert Sinn, Max B. Kilmister ; contributors, I.D. Bennetts ... [et al.].
260 ## - PUBLICATION, DISTRIBUTION, ETC.
Place of publication, distribution, etc. New York :
Name of publisher, distributor, etc. McGraw-Hill,
Date of publication, distribution, etc. c1995.
300 ## - PHYSICAL DESCRIPTION
Extent xvii, 422 p. :
Other physical details ill. ;
Dimensions 24 cm.
526 ## - STUDY PROGRAM INFORMATION NOTE
Program name 0
Interest level 0
Reading level 0
Title point value 690_000000000000000_STR
650 #0 - SUBJECT ADDED ENTRY--TOPICAL TERM
Topical term or geographic name entry element MCE
9 (RLIN) 379
650 #0 - SUBJECT ADDED ENTRY--TOPICAL TERM
Topical term or geographic name entry element Structural engineering.
650 #0 - SUBJECT ADDED ENTRY--TOPICAL TERM
Topical term or geographic name entry element Tall buildings
General subdivision Design and construction.
9 (RLIN) 1049
700 1# - ADDED ENTRY--PERSONAL NAME
Personal name Bennetts, I. D.
9 (RLIN) 43246
700 1# - ADDED ENTRY--PERSONAL NAME
Personal name Kilmister, Max B.
9 (RLIN) 43247
700 1# - ADDED ENTRY--PERSONAL NAME
Personal name Kowalczyk, Ryszard M.
9 (RLIN) 43248
700 1# - ADDED ENTRY--PERSONAL NAME
Personal name Sinn, Robert.
9 (RLIN) 43249
710 2# - ADDED ENTRY--CORPORATE NAME
Corporate name or jurisdiction name as entry element Council on Tall Buildings and Urban Habitat.
9 (RLIN) 32234
942 ## - ADDED ENTRY ELEMENTS (KOHA)
Source of classification or shelving scheme
Koha item type Book
Holdings
Withdrawn status Lost status Source of classification or shelving scheme Damaged status Not for loan Permanent Location Current Location Date acquired Total Checkouts Full call number Barcode Date last seen Price effective from Koha item type
          Military College of Engineering (MCE) Military College of Engineering (MCE) 09/09/2014   690 STR MCE-.29639 09/09/2014 09/09/2014 Book
© 2023 Central Library, National University of Sciences and Technology. All Rights Reserved.